|
|
|
|
| LEADER |
00000nam0a2200000 4500 |
| 001 |
356348 |
| 005 |
20231102010902.0 |
| 035 |
|
|
|a (RuTPU)RU\TPU\retro\13608
|
| 090 |
|
|
|a 356348
|
| 100 |
|
|
|a 20200720d1976 m y0rusy50 ca
|
| 101 |
0 |
|
|a rus
|
| 102 |
|
|
|a RU
|
| 105 |
|
|
|a y z 001zy
|
| 200 |
1 |
|
|a Франция и европейская безопасность 1929-1939
|f З. С. Белоусова
|g Академия наук СССР (АН СССР), Институт всеобщей истории (ИВИ)
|
| 210 |
|
|
|a Москва
|c Наука
|d 1976
|
| 215 |
|
|
|a 394 с.
|c ил.
|
| 320 |
|
|
|a Библиогр.: с. 395-411
|
| 320 |
|
|
|a Указатель имен: с. 412-417
|
| 606 |
1 |
|
|a Франция
|x Внешняя политика
|2 stltpush
|3 (RuTPU)RU\TPU\subj\74183
|9 86662
|
| 610 |
1 |
|
|a Европейская политика
|
| 610 |
1 |
|
|a 20 век
|
| 610 |
1 |
|
|a безопасность
|
| 610 |
1 |
|
|a пакты
|
| 610 |
1 |
|
|a СССР
|
| 610 |
1 |
|
|a сближение
|
| 610 |
1 |
|
|a фашистские державы
|
| 610 |
1 |
|
|a агрессивные акты
|
| 610 |
1 |
|
|a французская позиция
|
| 686 |
|
|
|a Ф4(4Фр)
|v LBC/SL-A
|2 rubbk
|
| 700 |
|
1 |
|a Белоусова
|b З. С.
|g Зинаида Сергеевна
|
| 712 |
0 |
2 |
|a Академия наук СССР (АН СССР)
|b Институт всеобщей истории (ИВИ)
|c (1968-1991)
|c (Москва)
|2 stltpush
|3 (RuTPU)RU\TPU\col\11350
|
| 801 |
|
1 |
|a RU
|b 63413507
|c 20200720
|
| 801 |
|
2 |
|a RU
|b 63413507
|c 20200729
|g RCR
|
| 942 |
|
|
|c BK
|